000 00381 a2200169 4500
001 169521
020 _a85-322-2138-6
040 _cMagnum
100 _aBoulos Junior, Alfredo
240 1 0 _a15 De novembro: república
_lpor
245 1 0 _a15 De novembro: república
300 _a39
362 0 _a1996
440 1 _aFTD
697 _aLITERATURA INFANTO-JUVENIL
942 _cBK
999 _c169521
_d169521